Sports Quiz

Random Sports or WWE Quiz
Score 0/30 Timer 07:00
0 Plays Today
Entry Number Wrestler % Correct
1Shawn Michaels
87.7%
11Owen Hart
81.5%
2The British Bulldog
63.1%
19Lex Luger
52.3%
16Mo
46.9%
17Mabel
44.6%
30Crush
44.6%
29Fatu
43.1%
24Bart Gunn
41.5%
23Billy Gunn
40.8%
25Bob Backlund
40.8%
3Eli Blu
40%
14Jacob Blu
40%
8Doink the Clown
39.2%
15King Kong Bundy
39.2%
Entry Number Wrestler % Correct
10Rick Martel
38.5%
9Kwang
36.2%
5Jimmy Del Ray
35.4%
7Tom Prichard
35.4%
28Adam Bomb
33.8%
4Duke Droese
33.1%
22Henry O. Godwinn
33.1%
6Sione
32.3%
13Bushwhacker Luke
30.8%
27Dick Murdoch
30.8%
18Bushwhacker Butch
30%
12Timothy Well
28.5%
26Steven Dunn
28.5%
21Aldo Montoya
27.7%
20Mantaur
24.6%
Remove Ads.
Support Sporcle.
Get the best of Sporcle when you Go Orange. This ad-free experience offers more features, more stats, and more fun while also helping to support Sporcle. Thank you for becoming a member.

You're not logged in!

Compare scores with friends on all Sporcle quizzes.
OR
Log In

Sporcle TV

Today on Sporcle TV


Watch our educational content, quiz creation guides, and fun videos on Sporcle TV.

Show Comments

Extras

Top Quizzes Today


Score Distribution

Paid Content

Your Account Isn't Verified!

In order to create a playlist on Sporcle, you need to verify the email address you used during registration. Go to your Sporcle Settings to finish the process.

Report this User

Report this user for behavior that violates our Community Guidelines.

Details: